000 00688nam a2200217Ii 4500
003 JO-AjNU
008 230605s9999||||xx |||||||||||||| ||und||
017 _a2007/5190
020 _a977-287-687-6
040 _aJO-AjNU
_bara
_erda
_cJO-AjNU
041 _aara
050 1 4 _aTH2031.M72.2007
100 3 _aالمصيلحي، محمود حسين,
_eauthor
_951480
245 0 0 _aهندسة التشييد: لمرافق المياة والصرف الصحي
250 _aط1
264 3 1 _aالقاهرة: دار الكتب العلمية، 2007
300 _aج3، 895ص
336 _atext
_btxt
_2rdacontent
337 _aunmediated
_bn
_2rdamedia
338 _avolume
_bnc
_2rdacarrier
999 _aA22745
_c26313
_d26313